000 01263cam a2200349 i 4500
001 40045
003 Mx-PuUPA
005 20250827135415.0
008 140415s2009 mx gr 000 f spa d
020 _a9786074711462
020 _a9789687791760
_qde la colección El Barco de Vapor
040 _aMx-PuUPA
_bspa
_cMx-PuUPA
_dMx-PuUPA
_erda
041 0 _aspa
100 1 _aBalzola, Asun,
_d1942-2006
_917063
_eautor
245 1 3 _aLa cazadora de Indiana Jones /
_cAsun Balzola
250 _aPrimera edición
264 1 _aMéxico, D. F. :
_bSM de Ediciones,
_c2009
300 _a103 páginas ;
_c19 cm
336 _2rdacontent
_atexto
_btxt
337 _2rdamedia
_asin medio
_bn
338 _2rdacarrier
_avolumen
_bnc
490 1 _aEl barco de vapor. Roja ;
_v32 M
600 1 4 _aJones, Indiana, (Personaje ficticio)
_vNovela juvenil
650 7 _2armarc
_aLiteratura juvenil española
_ySiglo XX
650 7 _2armarc
_aIdentidad
_xAceptación
_xLiteratura infantil
655 7 _2armarc
_aCuentos infantiles españoles
830 3 _aEl barco de vapor.
_pRoja ;
_v32 M
942 _2ddc
_cLI
_h863
_iB
999 _c40045
_d40045